[Event "SVK-ch U10"]
[Site "Liptovsky Mikulas"]
[Date "2019.04.24"]
[Round "3"]
[White "Zvoda, Matej"]
[Black "Elias, Simon"]
[Result "0-1"]
[WhiteElo "1017"]
[BlackElo "1107"]
[PlyCount "84"]
[EventDate "2019.04.23"]
[EventType "swiss"]
[EventRounds "9"]
[EventCountry "SVK"]
[SourceTitle "CBM 190 Extra"]
[Source "ChessBase"]
[SourceDate "2019.07.15"]
[SourceVersion "1"]
[SourceVersionDate "2019.07.15"]
[SourceQuality "1"]

1. e4 e5 2. Nf3 Nc6 3. Bc4 Nf6 4. 0-0 Bc5 5. b3 0-0 6. Bb2 d6 7. Ng5 Bg4 8. Bxf7+ Rxf7 9. Nxf7 Kxf7 10. Qc1 Bd4 11. c3 Bb6 12. h3 Be6 13. Qd1 Kg8 14. Qf3 Qe7 15. Qe2 Rf8 16. c4 Bd4 17. Bxd4 Nxd4 18. Qd3 c5 19. f4 Bf7 20. fxe5 Qxe5 21. Qe3 Nc2 22. Qf4 Qxf4 23. Rxf4 Nxa1 24. Nc3 Bg6 25. Nd5 Nxd5 26. Rxf8+ Kxf8 27. exd5 Nc2 28. Kh2 Nb4 29. a3 Nc2 30. a4 a5 31. Kg1 Nd4 32. Kh2 Nxb3 33. d3 Bxd3 34. Kg1 Bxc4 35. Kh2 Bxd5 36. Kg1 c4 37. Kh2 c3 38. Kg1 c2 39. Kh2 c1Q 40. Kg3 Qe3+ 41. Kh2 Qf2 42. h4 Qxg2# 0-1

[Event "SVK-ch U08"]
[Site "Liptovsky Mikulas"]
[Date "2018.04.25"]
[Round "7"]
[White "Zvoda, Matej"]
[Black "Elias, Simon"]
[Result "1-0"]
[WhiteElo "1000"]
[BlackElo "1036"]
[PlyCount "49"]
[EventDate "2018.04.21"]
[EventType "swiss"]
[EventRounds "9"]
[EventCountry "SVK"]
[SourceTitle "CBM 184 Extra"]
[Source "ChessBase"]
[SourceDate "2018.06.28"]
[SourceVersion "1"]
[SourceVersionDate "2018.06.28"]
[SourceQuality "1"]

1. e4 e5 2. Nf3 Nc6 3. Nc3 Nf6 4. Bc4 Bc5 5. d3 h6 6. 0-0 d6 7. Bd2 Bg4 8. Qe2 Nd4 9. Qd1 0-0 10. h3 Bh5 11. g4 Bg6 12. Nd5 c6 13. g5 Nxf3+ 14. Qxf3 hxg5 15. Bxg5 cxd5 16. Bxd5 Bh5 17. Qg3 Bd4 18. Bh6 Bg6 19. Qxg6 Nh5 20. Qxh5 gxh6 21. Qg6+ Kh8 22. Qxh6+ Kg8 23. Kh1 Qg5 24. Rg1 Qxg1+ 25. Rxg1# 1-0